Sports Quiz

Random Sports or Olympics Quiz

Decathlon Events Quiz Stats

 Plays Quiz Updated Jul 9, 2019

Score 0/10 Timer 03:00
18 Plays Today
% Correct
Long Jump
92.7%
High Jump
90.9%
Javelin Throw
89.7%
100 Meter Dash
88.8%
Shot Put
87.1%
Discus Throw
85.5%
110 Meter Hurdles
80.4%
Pole Vault
80.2%
400 Meter Run
75.9%
1500 Meter Run
59.6%

You're not logged in!

Compare scores with friends on all Sporcle quizzes.
OR
Log In

Sporcle TV

Today on Sporcle TV


Watch our educational content, quiz creation guides, and fun videos on Sporcle TV.

Show Comments

Extras

Top Quizzes Today


Score Distribution

Your Account Isn't Verified!

In order to create a playlist on Sporcle, you need to verify the email address you used during registration. Go to your Sporcle Settings to finish the process.

Report this User

Report this user for behavior that violates our Community Guidelines.

Details: